|
|
|
|
| LEADER |
01003nta a2200241 i 4500 |
| 001 |
dokt2926 |
| 005 |
20200430154115.0 |
| 008 |
160418s2016 hu om 0|| eng d |
| 024 |
7 |
|
|a 10.14232/phd.2926
|2 doi
|
| 024 |
7 |
|
|a 3105503
|2 mtmt
|
| 040 |
|
|
|a SZTE Doktori Repozitórium
|b hun
|
| 041 |
|
|
|a eng
|
| 100 |
1 |
|
|a Vér Márton
|
| 245 |
1 |
4 |
|a The Postal System of the Mongol Empire in Northeastern Turkestan
|h [elektronikus dokumentum] /
|c Vér Márton
|
| 260 |
|
|
|c 2016-05-05
|
| 502 |
|
|
|a Disszertacio
|
| 650 |
|
4 |
|a történelemtudományok
|
| 650 |
|
4 |
|a Történettudomány
|
| 700 |
0 |
1 |
|a Zimonyi István
|e ths
|
| 700 |
0 |
2 |
|a Simone-Christiane Raschmann
|e ths
|
| 856 |
4 |
0 |
|u https://doktori.bibl.u-szeged.hu/id/eprint/2926/19/Marton.Ver..PDF
|z Dokumentum-elérés
|
| 856 |
4 |
0 |
|u https://doktori.bibl.u-szeged.hu/id/eprint/2926/2/Marton%20Ver_Dissertation%20outline_final.pdf
|z Dokumentum-elérés
|
| 856 |
4 |
0 |
|u https://doktori.bibl.u-szeged.hu/id/eprint/2926/3/Marton%20Ver_Disszertacio_Tezisek.pdf
|z Dokumentum-elérés
|